Detalles MARC
| 000 -CABECERA |
| campo de control de longitud fija |
01615nam a22002417a 4500 |
| 003 - IDENTIFICADOR DEL NÚMERO DE CONTROL |
| campo de control |
DO-SdBNP |
| 005 - FECHA Y HORA DE LA ÚLTIMA TRANSACCIÓN |
| campo de control |
20220126144202.0 |
| 007 - CAMPO FIJO DE DESCRIPCIÓN FÍSICA--INFORMACIÓN GENERAL |
| campo de control de longitud fija |
ta |
| 008 - DATOS DE LONGITUD FIJA--INFORMACIÓN GENERAL |
| campo de control de longitud fija |
210716b 2018 dr a 00| 0 eng d |
| 020 ## - NÚMERO INTERNACIONAL ESTÁNDAR DEL LIBRO |
| Número Internacional Estándar del Libro |
9789945169058 |
| 040 ## - FUENTE DE LA CATALOGACIÓN |
| Centro catalogador/agencia de origen |
DO-SdBNP |
| Lengua de catalogación |
spa |
| Centro/agencia transcriptor |
BNPHU |
| 100 1# - ENTRADA PRINCIPAL--NOMBRE DE PERSONA |
| Nombre de persona |
Rodríguez, Aurín |
| 9 (RLIN) |
76206 |
| 245 10 - MENCIÓN DE TÍTULO |
| Título |
Administrando sabiamente nuestras finanzas / |
| Mención de responsabilidad, etc. |
Aurín Rodríguez ; prólogos Caonex Peguero, Adrián Guzmán. |
| 260 ## - PUBLICACIÓN, DISTRIBUCIÓN, ETC. |
| Lugar de publicación, distribución, etc. |
Santo Domingo : |
| Nombre del editor, distribuidor, etc. |
Diez Veces Mas Group, |
| Fecha de publicación, distribución, etc. |
2018. |
| 300 ## - DESCRIPCIÓN FÍSICA |
| Extensión |
142 p. : |
| Otras características físicas |
il. ; |
| Dimensiones |
21 cm. |
| 500 ## - NOTA GENERAL |
| Nota general |
Incluye datos biográficos de la autora en la contracubierta. |
| 505 0# - NOTA DE CONTENIDO CON FORMATO |
| Nota de contenido con formato |
Palabras de la autora, 7.-- Agradecimientos, 9.-- Prólogo / Caonex Peguero, 11.-- Prólogo / Adrián Guzmán, 13.-- Introducción, 15.-- Prosperador por obediencia, 21.-- Prosperados con propósito, 25.-- Conceptos básicos de mayordomía financiera, 29.-- Cinco características de un buen mayordomo, 35.-- Cómo los buenos mayordomos ponen los bienes a producir, 43.-- ¿Cómo iniciar mi presupuesto?, 53.-- ¿Qué pasa con mi dinero?, 59.-- El ahorro, 67.-- Invierte los beneficios obtenidos de los ahorros, 79.-- Las deudas, 87.-- Nuestra actitud hacia los necesitados, 95.-- Cómo ayudar a otros a prosperar en Dios, 103.-- La generosidad y el amor preparan el espacio para lo que esperas, 107.-- Cuando seas prosperado por Dios, 117.-- Finanzas en pareja, 123.-- ¿Cuánto dinero puedo llegar a tener?, 139. |
| 590 ## - NOTA LOCAL (RLIN) |
| Nota local |
Inventariado, 2021 /LP |
| 700 1# - PUNTO DE ACCESO ADICIONAL--NOMBRE DE PERSONA |
| Nombre de persona |
Peguero, Caonex, |
| Término indicativo de función/relación |
prólogo |
| 9 (RLIN) |
79258 |
| 700 1# - PUNTO DE ACCESO ADICIONAL--NOMBRE DE PERSONA |
| Nombre de persona |
Guzmán, Adrián, |
| Término indicativo de función/relación |
prólogo |
| 9 (RLIN) |
79259 |
| 910 ## - DATOS DE OPCIÓN DEL USUARIO (OCLC) |
| Datos de opción del usuario |
Lopérez. |
| 942 ## - ELEMENTOS DE PUNTO DE ACCESO ADICIONAL (KOHA) |
| Fuente del sistema de clasificación o colocación |
Dewey Decimal Classification |
| Tipo de ítem Koha |
Libro |